Library Banner

G,H,Q, siyasat/ (Record no. 99044)

MARC details
000 -LEADER
fixed length control field 00406nam a22001457a 4500
005 - DATE AND TIME OF LATEST TRANSACTION
control field 20171010144927.0
008 - FIXED-LENGTH DATA ELEMENTS--GENERAL INFORMATION
fixed length control field 171010b xxu||||| |||| 00| 0 eng d
040 ## - CATALOGING SOURCE
Transcribing agency PK-LaUMT
082 ## - DEWEY DECIMAL CLASSIFICATION NUMBER
Classification number PKAC 320.95491
Item number ALI-G
100 ## - MAIN ENTRY--PERSONAL NAME
Personal name Ali Khalid , Muhammad
245 ## - TITLE STATEMENT
Title G,H,Q, siyasat/
Statement of responsibility, etc Muhammad Ali Khalid
260 ## - PUBLICATION, DISTRIBUTION, ETC. (IMPRINT)
Place of publication, distribution, etc حیدرآباد:
Name of publisher, distributor, etc مسیحا پبلیکیشنز،
Date of publication, distribution, etc 1988
300 ## - PHYSICAL DESCRIPTION
Extent 416 ص
942 ## - ADDED ENTRY ELEMENTS (KOHA)
Koha item type Books
Holdings
Withdrawn status Lost status Damaged status Home library Current library Date acquired Full call number Barcode Date last seen Price effective from Koha item type
      UMT Main Campus UMT Main Campus 2017-10-10 PKAC 320.95491 ALI-G 114838 2017-10-10 2017-10-10 Books